|
|
|
|
| LEADER |
00000nab a2200000 a 4500 |
| 001 |
vtls000768388 |
| 003 |
SK-MaSNL |
| 005 |
20260318114717.0 |
| 008 |
160405c2001 xo 0 hun |
| 015 |
|
|
|a SNBRB2001/09-26148
|
| 035 |
|
|
|a CLN000120175
|
| 040 |
|
|
|a SNKBUCL
|b slo
|c SNKBUCL
|e AACR2
|
| 041 |
0 |
|
|a hun
|
| 044 |
|
|
|a xo
|c SK
|
| 080 |
|
|
|a 78.091.4:784.66
|2 1997
|
| 080 |
|
|
|a 784.66
|2 1997
|
| 100 |
0 |
|
|a -czintu-
|4 aut
|9 900764
|
| 245 |
1 |
0 |
|a Zúzda - négy napon át
|c [szerző] -czintu-
|
| 300 |
|
|
|b Fotogr.
|
| 611 |
1 |
7 |
|a Hudobný festival Klikk
|n 8.
|d 2001
|c Komoča, Slovensko
|2 snkbucl
|9 847971
|
| 651 |
|
7 |
|a Komárno (Slovensko : okres)
|2 snkbucl
|9 15954
|
| 655 |
|
7 |
|a články z novín a časopisov
|2 snkbucl
|9 267496
|
| 773 |
0 |
|
|x 1335-7468
|t Ifi
|g Roč. 11, č. 8 (2001), s. 6
|
| 850 |
|
|
|a Slovenská národná knižnica v Martine
|
| 852 |
|
|
|a SNK
|b KIS3GCP
|
| 958 |
|
|
|a HU
|
| 958 |
|
|
|a SK
|
| 958 |
|
|
|a RBX
|
| 999 |
|
|
|c 3328792
|d 3330722
|